000 00611nam a2200181Ia 4500
008 240729s9999 xx 000 0 und d
022 _a2300-1909
245 0 _aArchives of Metallurgy and Materials
260 _aPoland
260 _bPolish Academy of Sciences
650 _a Electrical engineering. Electronics. Nuclear engineering
650 _a Materials of engineering and construction. Mechanics of materials
650 _a Mining engineering. Metallurgy | Technology
650 _aTechnology
856 _uhttps://doaj.org/toc/70dcee91d2e54a9f91af1b790792145c
942 _2ddc
942 _cDOAJEJ
999 _c71054
_d71054
945 _a1
_bMadushi Gamage
_c1
_dMadushi Gamage